書目識別號
317665
書目型態
西文機讀編目格式-圖書(USMARC Bibliographic Format-Book)
書目參考 URL
http://www.loc.gov/catdir/description/cam023/89009789.html
http://www.loc.gov/catdir/toc/cam029/89009789.html
欄號/指標/分欄資料
035 $aocm20013331 003 OCoLC 005 20100804222635.0 010 $a89009789 040 $aDLC$cDLC$dPMC$dMUQ$dNLGGC$dBAKER$dBTCTA$dYDXCP$dNLE$dZWZ$dUKM$dGEBAY 015 $aGB89-41269 019 $a19814580 020 $a0521327687$cUSD130 020 $a9780521327688 020 $a2735103110 (France only) 020 $a9782735103119 (France only) 020 $z2521327687 (hard covers) 0291 $aNLGGC$b053123441 0291 $aNZ1$b3870467 0291 $aAU@$b000006477014 0291 $aZWZ$b021203172 0291 $aUNITY$b042542731 0291 $aHR0$b0521327687 0291 $aUKM$bb8941269 0291 $aHEBIS$b020922256 0291 $aGEBAY$b1456328 035 $a(OCoLC)20013331 $z(OCoLC)19814580 05000$aBF531$bA257 049 $aTWKA 24500$aAffect and social behavior /$cedited by Bert S. Moore and Alice M. Isen. 260 $aCambridge [England] ;$aNew York :$bCambridge University Press ;$aParis :$bEditions de la Maison des sciences de l'homme,$c1990. 300 $aix, 277 p. :$bill. ;$c24 cm. 440 0$aStudies in emotion and social interaction 504 $aIncludes bibliographical references and indexes. 5050 $aAffect and social behavior / Bert S. Moore and Alice M. Isen -- Contemporary vocabularies of emotion / Ellen Berscheid -- Capturing the "flavor" of behavior : cognition, affect, and interpretation / Julie K. Norem and Nancy Cantor -- Affect and aggression / Paul A. Bell and Robert A. Baron -- Affect and altruism / C. Daniel Batson -- Passionate love in intimate relationships / Elaine Hatfield and Richard L. Rapson -- Attitude, affect, and consumer behavior / Joel Cohen -- Depression and sensitivity to social information / Gifford Weary -- Children's strategies for the control of emotion in themselves and others / Charles L. McCoy and John C. Masters. 650 0$aAffect (Psychology) 650 0$aInterpersonal relations. 650 6$aRelations humaines. 650 6$aAffect (Psychologie). 65017$aAffectief gedrag.$2gtt 65017$aSociale interactie.$2gtt 650 7$aAffect (psychologie).$2ram 650 7$aRelations humaines.$2ram 653 $aMan$aSocial interactions$aRole of emotions 65007$aAffekt$2swd 65007$aZwischenmenschliche Beziehung$2swd 65007$aAufsatzsammlung$2swd 65007$aGef鋎hl$2swd 65007$aSozialverhalten$2swd 7001 $aMoore, Bert S. 7001 $aIsen, Alice M. 77608$iOnline version:$tAffect and social behavior.$dCambridge [England] ; New York : Cambridge University Press ; Paris : Editions de la Maison des sciences de l'homme, 1990$w(OCoLC)624582939 85642$3Publisher description$uhttp://www.loc.gov/catdir/description/cam023/89009789.html 85641$3Table of contents$uhttp://www.loc.gov/catdir/toc/cam029/89009789.html 938 $aBaker and Taylor$bBTCP$n89009789 938 $aBaker & Taylor$bBKTY$c120.00$d120.00$i0521327687$n0001693062$sactive 938 $aYBP Library Services$bYANK$n457715 994 $aC0$bTWKNU 095 $pBOOK$dBF531$eA257$y1990
|
系統首頁
|
館藏查詢
|
個人資料查詢
|
新書通報
|
讀者意見
|
推薦書刊
|
|
分類號查詢
|
期刊館藏查詢
|